Crops by Country - Statistics

General Stats
  • This quiz has been taken 563 times
  • The average score is 15 of 20
Answer Stats
Crop(s) Country % Correct
Corn, Soy United States
99%
Coffee, Sugar Brazil
98%
Rice, Wheat China
98%
Avocados Mexico
94%
Cotton, Chickpeas India
92%
Cinammon Indonesia
89%
Barley, Oats Russia
88%
Olives, Olive Oil Spain
86%
Rapeseed, Canola Oil Canada
82%
Figs, Apricots Turkey
76%
Dates Egypt
75%
Quinoa Peru
75%
Rye Germany
70%
Flowers Netherlands
67%
Black Pepper, Cashews Vietnam
63%
Cassava (Yuca) Nigeria
62%
Sunflower Oils & Seeds Ukraine
56%
Vanilla Madagascar
46%
Cocoa Ivory Coast
33%
Pineapples Costa Rica
26%
No matching quizzes found
Score Distribution
Percent of People with Each Score
Percentile by Number Answered
Your Score History
You have not taken this quiz